| 000 | 00896nam0a22002411 4500 | ||
|---|---|---|---|
| 001 | rc\4518748 | ||
| 005 | 20250611190251.0 | ||
| 021 |
_aRU _b[66-61937] |
||
| 035 | _a(NLR Aleph) 008350018 | ||
| 090 |
_a8931543 _c8931543 |
||
| 100 | _a20130416d1966 |||y0rusy50 ca | ||
| 101 | 0 | _arus | |
| 102 | _aRU | ||
| 105 | _ay z ||||| | ||
| 200 | 1 |
_aСовершенствование технологии производства качественной и высококачественной стали _eОбобщ. доклад на соискание учен. степени канд. техн. наук _fЧеляб. политехн. ин-т |
|
| 210 |
_aЧелябинск _cБ. и. _d1966 |
||
| 215 | _a40 с. | ||
| 700 | 1 |
_aКейс _bН.В. _gНиколай Власович |
|
| 801 | 0 |
_aRU _bNLR _gpsbo |
|
| 801 | 1 |
_aRU _bELAR _2rusmarc |
|
| 852 |
_aNLR _j66-4/14480 |
||
| 942 | _cBOOK | ||
| 980 | _aNB | ||